| 000 | 00481nam a22001577a 4500 | ||
|---|---|---|---|
| 005 | 20251129162142.0 | ||
| 008 | 251129b |||||||| |||| 00| 0 eng d | ||
| 020 | _a9780131868427 | ||
| 050 |
_aTA403 _b.R523 |
||
| 100 | _aRiggs, J. Rosemary | ||
| 245 |
_aMaterials and Components of Interior Architecture _cJ. Rosemary Riggs |
||
| 250 | _a4th ed. | ||
| 260 |
_aEnglewood Cliffs, New Jersey _bPrentice Hall _c1996 |
||
| 300 |
_axvi. 223p. _bill. some color _c28cm |
||
| 942 |
_2lcc _cBK _n0 |
||
| 999 |
_c8461 _d8461 |
||